[Event "1.Open A Del Santo A"]
[Site "Padova"]
[Date "2014.02.15"]
[Round "2.3"]
[White "Xia, Jie"]
[Black "Patelli, Alessandro"]
[Result "1-0"]
[WhiteElo "2274"]
[BlackElo "2216"]
[Annotator "Gabriele Ballarin"]
[PlyCount "105"]
[EventDate "2014.02.14"]
[EventType "swiss"]
[EventRounds "5"]
[EventCountry "ITA"]

1. e4 c5 2. c3 Nf6 3. e5 Nd5 4. Nf3 e6 5. d4 cxd4 6. cxd4 d6 7. Bd3 Nc6 8. O-O Ndb4 9. Bb5 a6 10. Ba4 b5 11. Bb3 dxe5 12. a3 Nd5 13. dxe5 Be7 14. Qe2 O-O 15. Rd1 Qc7 16. Bxd5 exd5 17. Nc3 d4 18. Nxd4 Rd8 19. Nxc6 Rxd1+ 20. Qxd1 Qxc6 21. Qd5 Bb7 22. Qxc6 Bxc6 23. Be3 a5 24. Ne2 Rc8 25. Rc1 Bd7 26. Rxc8+ Bxc8 27. Nd4 Bd7 28. Kf1 Kf8 29. Ke2 Ke8 30. Kd3 Kd8 31. Bd2 a4 32. Bb4 Bg5 33. g3 Kc8 34. Ke4 Kb7 35. f4 Bd8 36. Kd5 Bb6 37. Bc5 Bc7 38. f5 Bb8 39. g4 Bc7 40. h4 Bd8 41. g5 Bc7 42. h5 g6 43. hxg6 hxg6 44. f6 Bh3 45. Nxb5 Be6+ 46. Kd4 Kc6 47. Nc3 Bb3 48. Ne2 Bxe5+ 49. Kxe5 Kxc5 50. Nf4 Bc2 51. Ne6+ Kb6 52. Nd8 Bb3 53. Kd6 1-0

[Event "1.Open A Del Santo A"]
[Site "Padova"]
[Date "2014.02.15"]
[Round "2.4"]
[White "Lodici, Lorenzo"]
[Black "Brun, Dario"]
[Result "0-1"]
[WhiteElo "2122"]
[BlackElo "2262"]
[Annotator "Gabriele Ballarin"]
[PlyCount "60"]
[EventDate "2014.02.14"]
[EventType "swiss"]
[EventRounds "5"]
[EventCountry "ITA"]

1. d4 d5 2. c4 c6 3. Nc3 Nf6 4. Nf3 e6 5. e3 Nbd7 6. Qc2 Bd6 7. g4 h6 8. Rg1 dxc4 9. Bxc4 b5 10. Be2 Bb7 11. Bd2 Rc8 12. e4 b4 13. e5 bxc3 14. Bxc3 c5 15. exf6 gxf6 16. O-O-O cxd4 17. Nxd4 Nc5 18. Rge1 O-O 19. f3 Bd5 20. Kb1 Bf4 21. Nf5 exf5 22. Qxf5 Be5 23. Bxe5 Qa5 24. Bc3 Qxa2+ 25. Kc1 Na4 26. Rd2 Bb3 27. Bd3 Rxc3+ 28. bxc3 Qa1+ 29. Bb1 Qa3+ 30. Rb2 Qxb2# 0-1

[Event "1.Open A Del Santo A"]
[Site "Padova"]
[Date "2014.02.15"]
[Round "2.5"]
[White "Solomon, Kenny"]
[Black "Santolini, Luigi"]
[Result "1-0"]
[WhiteElo "2215"]
[BlackElo "2123"]
[Annotator "LS"]
[PlyCount "73"]
[EventDate "2014.02.14"]
[EventType "swiss"]
[EventRounds "5"]
[EventCountry "ITA"]

1. d4 Nf6 2. c4 e6 3. Nf3 d5 4. Nc3 c5 5. cxd5 Nxd5 6. e3 cxd4 7. exd4 Nc6 8. Bd3 Be7 9. O-O O-O 10. Re1 Bf6 11. Be4 Nce7 12. h4 Bd7 13. Ng5 g6 14. h5 Bc6 15. hxg6 hxg6 16. Qg4 Kg7 17. Bd2 Nf5 18. Nf3 Rh8 19. Rad1 Rh5 20. g3 Nxc3 21. bxc3 Bxe4 22. Qxe4 Nd6 23. Qb1 Qc8 24. Bf4 Qc6 25. Qd3 Nc4 26. Qe4 Rc8 27. Rb1 Qxe4 28. Rxe4 b6 29. g4 Ra5 30. Re2 g5 31. Bc1 Kg6 32. Kg2 Nd6 33. Rb3 Rc4 34. Ba3 Nb5 35. Bb4 Ra4 36. Re5 Bxe5 $4 37. Nxe5+ (37. Nxe5+ Kf6 38. Nxc4 Rxa2 $18 (38... a5 39. Nxb6 $18)) 1-0

[Event "1.Open A Del Santo A"]
[Site "Padova"]
[Date "2014.02.15"]
[Round "2.6"]
[White "Balzan, Alessandro"]
[Black "Innocenti, Giovanni"]
[Result "1/2-1/2"]
[WhiteElo "1707"]
[BlackElo "2083"]
[Annotator "Gabriele Ballarin"]
[PlyCount "71"]
[EventDate "2014.02.14"]
[EventType "swiss"]
[EventRounds "5"]
[EventCountry "ITA"]

1. e4 e5 2. Nf3 Nc6 3. d4 exd4 4. Bc4 Bc5 5. c3 Nf6 6. cxd4 Bb4+ 7. Bd2 Nxe4 8. Bxb4 Nxb4 9. Qb3 d5 10. Qxb4 dxc4 11. O-O Qd6 12. Qxc4 O-O 13. d5 Re8 14. Nd4 Qg6 15. Qd3 Bd7 16. Nc3 {=} Rad8 17. Rfe1 Nf6 18. Qxg6 hxg6 19. Re3 a6 20. Rd1 Kf8 21. h3 Re7 22. Nf3 Rxe3 23. fxe3 Bf5 24. Ng5 Re8 25. Kf2 Ne4+ 26. Ngxe4 Bxe4 27. Nxe4 Rxe4 28. Rc1 Re7 29. Rc4 Rd7 30. e4 f6 31. Rb4 b6 32. Rc4 Re7 33. Kf3 Ke8 34. Rc6 Kd7 35. b4 Re5 36. g4 1/2-1/2

[Event "1.Open A Del Santo A"]
[Site "Padova"]
[Date "2014.02.15"]
[Round "2.7"]
[White "Viaggi, Stefano"]
[Black "Gallo, Enrico"]
[Result "0-1"]
[WhiteElo "2062"]
[BlackElo "2112"]
[Annotator "Gabriele Ballarin"]
[PlyCount "52"]
[EventDate "2014.02.14"]
[EventType "swiss"]
[EventRounds "5"]
[EventCountry "ITA"]

1. b3 e5 2. Bb2 Nc6 3. e3 g6 4. Bb5 Nge7 5. f4 Bg7 6. Nf3 d6 7. fxe5 Bg4 8. h3 Bd7 9. d4 Nf5 10. Bxc6 bxc6 11. exd6 O-O 12. Kf2 c5 13. c3 Bc6 14. Nbd2 Qxd6 15. Re1 Bh6 16. Nf1 Rfe8 17. Ne5 Be4 18. Ba3 Nh4 19. Ng4 Bg5 20. Bxc5 Qd5 21. Ng3 Bxg2 22. e4 Bxe4 23. c4 Qc6 24. Nxe4 Rxe4 25. Ne5 Rxe5 26. dxe5 Qg2# 0-1

[Event "1.Open A Del Santo A"]
[Site "Padova"]
[Date "2014.02.15"]
[Round "2.8"]
[White "Simonetto, Adriano"]
[Black "Caldonazzo, Matteo"]
[Result "1/2-1/2"]
[WhiteElo "2055"]
[BlackElo "1940"]
[Annotator "Gabriele Ballarin"]
[PlyCount "28"]
[EventDate "2014.02.14"]
[EventType "swiss"]
[EventRounds "5"]
[EventCountry "ITA"]

1. d4 Nf6 2. c4 e6 3. Nc3 Bb4 4. e3 O-O 5. Bd3 c5 6. a3 Bxc3+ 7. bxc3 Nc6 8. Ne2 e5 9. O-O d6 10. Ng3 cxd4 11. cxd4 exd4 12. exd4 d5 13. Be3 dxc4 14. Bxc4 Nd5 {=} 1/2-1/2

[Event "1.Open A Del Santo A"]
[Site "Padova"]
[Date "2014.02.15"]
[Round "2.9"]
[White "Trangoni, Bruno"]
[Black "Zanchetta, Nicola"]
[Result "1/2-1/2"]
[WhiteElo "2011"]
[BlackElo "1908"]
[Annotator "Gabriele Ballarin"]
[PlyCount "113"]
[EventDate "2014.02.14"]
[EventType "swiss"]
[EventRounds "5"]
[EventCountry "ITA"]

1. Nf3 c5 2. g3 Nc6 3. Bg2 d5 4. d3 Nf6 5. Nbd2 e6 6. e4 Be7 7. O-O Qc7 8. Re1 b6 9. a4 Bb7 10. exd5 Nxd5 11. Nc4 Bf6 12. Ng5 O-O 13. Qh5 h6 14. Ne4 Rad8 15. Nxf6+ Nxf6 16. Qh4 Nd4 17. Bf4 Qe7 18. Bd6 Rxd6 19. Bxb7 Qxb7 20. Nxd6 Qc6 21. Qf4 Nd5 22. Qe4 Nxc2 23. Nc4 Ndb4 24. a5 Nxe1 25. Qxc6 Nxc6 26. Rxe1 b5 27. Nd6 a6 28. Nb7 Nd4 29. Kg2 Rc8 30. Rc1 c4 31. dxc4 bxc4 32. Nd6 Rc6 33. Nxc4 Kf8 34. f4 Rc5 35. Kf2 Nb3 36. Rc3 Nxa5 37. Ne5 Rxc3 38. bxc3 f6 39. Nd7+ Ke7 40. Nc5 Kd6 41. Nxa6 Nc6 42. Ke3 e5 43. Ke4 g6 44. g4 exf4 45. Kxf4 Nd8 46. Ke4 Ne6 47. h4 Ng7 48. Nb4 h5 49. gxh5 Nxh5 50. Nd3 Ng3+ 51. Kf3 Nf5 52. Kg4 Ne3+ 53. Kf3 Nc4 54. Nf4 g5 55. hxg5 Ne5+ 56. Kg3 fxg5 57. Nh3 {=} 1/2-1/2

[Event "1.Open A Del Santo A"]
[Site "Padova"]
[Date "2014.02.15"]
[Round "2.11"]
[White "Barp, Alberto"]
[Black "Franco, Alessandro P"]
[Result "1-0"]
[WhiteElo "2005"]
[BlackElo "1889"]
[Annotator "Gabriele Ballarin"]
[PlyCount "51"]
[EventDate "2014.02.14"]
[EventType "swiss"]
[EventRounds "5"]
[EventCountry "ITA"]

1. d4 Nf6 2. Bg5 Ne4 3. Bf4 d5 4. e3 e6 5. Bd3 Be7 6. Bxe4 dxe4 7. Nd2 f5 8. Qh5+ g6 9. Qh6 Bf8 10. Qh3 Bg7 11. Qg3 Na6 12. c3 c5 13. Nc4 O-O 14. h4 cxd4 15. exd4 Bd7 16. h5 Bb5 17. Ne5 Bxe5 18. Bxe5 g5 19. h6 Rc8 20. Nh3 g4 21. Nf4 Nc7 22. f3 Nd5 23. fxg4 Qa5 24. gxf5+ Kf7 25. fxe6+ Ke8 26. Nxd5 1-0

[Event "1.Open A Del Santo A"]
[Site "Padova"]
[Date "2014.02.15"]
[Round "2.12"]
[White "Baruzzo, Fabio"]
[Black "De Napoli, Giuseppe"]
[Result "0-1"]
[WhiteElo "1912"]
[BlackElo "2003"]
[Annotator "Gabriele Ballarin"]
[PlyCount "56"]
[EventDate "2014.02.14"]
[EventType "swiss"]
[EventRounds "5"]
[EventCountry "ITA"]

1. c4 e6 2. Nc3 d5 3. cxd5 exd5 4. d4 Nf6 5. g3 Be7 6. Bg2 O-O 7. Nf3 Re8 8. O-O c6 9. a3 h6 10. b4 Bf5 11. h3 Bd6 12. Bb2 Nbd7 13. Nh4 Bh7 14. Rc1 Nb6 15. Nb1 Ne4 16. Bxe4 Rxe4 17. Ng2 Qd7 18. Kh2 Bf5 19. Nd2 Ree8 20. Nf3 Nc4 21. Rxc4 dxc4 22. Ng1 Qe6 23. f4 a5 24. Bc3 axb4 25. Bxb4 Bxb4 26. axb4 c3 27. Qc1 c2 28. Rf3 Qa2 0-1

[Event "1.Open A Del Santo A"]
[Site "Padova"]
[Date "2014.02.15"]
[Round "3.1"]
[White "Collutiis, Duilio"]
[Black "Xia, Jie"]
[Result "1/2-1/2"]
[WhiteElo "2474"]
[BlackElo "2274"]
[Annotator "Gabriele Ballarin"]
[PlyCount "77"]
[EventDate "2014.02.14"]
[EventType "swiss"]
[EventRounds "5"]
[EventCountry "ITA"]

1. g3 c5 2. Bg2 Nc6 3. Nf3 g6 4. O-O Bg7 5. e4 d6 6. h3 Nf6 7. Re1 O-O 8. c3 Nd7 9. d3 Rb8 10. d4 cxd4 11. cxd4 e5 12. dxe5 Ndxe5 13. Nc3 b5 14. Nd5 Be6 15. Nxe5 dxe5 16. Be3 Qd7 17. Rc1 Kh8 18. Kh2 Rfc8 19. b3 Nd4 20. Qd3 f5 21. Rxc8+ Rxc8 22. Rc1 Rxc1 23. Bxc1 Bxd5 24. exd5 e4 25. Qd1 Qxd5 26. Be3 h5 27. h4 Qc5 28. Qd2 b4 29. Bxd4 Qxd4 30. Qxd4 Bxd4 31. Kg1 Kg7 32. Bf1 Kf6 33. Bb5 g5 34. Be8 gxh4 35. gxh4 Ke6 36. Kg2 Bf6 37. Kh3 Bd4 38. Kg2 Bf6 39. Kh3 1/2-1/2

[Event "1.Open A Del Santo A"]
[Site "Padova"]
[Date "2014.02.15"]
[Round "3.2"]
[White "Brun, Dario"]
[Black "Zamengo, Fulvio"]
[Result "0-1"]
[WhiteElo "2262"]
[BlackElo "2149"]
[Annotator "Gabriele Ballarin"]
[PlyCount "94"]
[EventDate "2014.02.14"]
[EventType "swiss"]
[EventRounds "5"]
[EventCountry "ITA"]

1. d4 Nf6 2. c4 c5 3. d5 b5 4. cxb5 a6 5. f3 Bb7 6. e4 e6 7. Nc3 exd5 8. exd5 Bd6 9. bxa6 Nxa6 10. Bc4 O-O 11. Nge2 Nh5 12. g3 f5 13. O-O Nc7 14. Qb3 Rb8 15. Qb6 Qf6 16. Bg5 Qg6 17. Be7 Bxe7 18. Qxc7 Bd6 19. Qxd7 Bc8 20. Qc6 Rb4 21. Nb5 Rxb5 22. Bxb5 f4 23. Bd3 Qxd3 24. Qxd6 Qxe2 25. g4 Qxb2 26. Qxc5 Nf6 27. d6 Ba6 28. Rfe1 Qb7 29. Qa3 Qb6+ 30. Kh1 Bb7 31. Rab1 Qc6 32. Qb3+ Rf7 33. Rf1 Qxd6 34. Rbd1 Bd5 35. Qc3 Rc7 36. Qd4 Rc4 37. Qxc4 Bxc4 38. Rxd6 Bxf1 39. a4 Kf7 40. a5 Ke7 41. a6 Be2 42. Kg2 Nxg4 43. fxg4 Kxd6 44. a7 Bc4 45. a8=Q Bd5+ 46. Qxd5+ Kxd5 47. Kf3 g5 0-1

[Event "1.Open A Del Santo A"]
[Site "Padova"]
[Date "2014.02.15"]
[Round "3.3"]
[White "Gallo, Enrico"]
[Black "Solomon, Kenny"]
[Result "0-1"]
[WhiteElo "2112"]
[BlackElo "2215"]
[Annotator "Gabriele Ballarin"]
[PlyCount "52"]
[EventDate "2014.02.14"]
[EventType "swiss"]
[EventRounds "5"]
[EventCountry "ITA"]

1. e4 e5 2. Nf3 Nc6 3. Bb5 a6 4. Ba4 Nf6 5. O-O Be7 6. Re1 b5 7. Bb3 d6 8. c3 O-O 9. h3 Bb7 10. d4 Nd7 11. Be3 Bf6 12. Nbd2 exd4 13. cxd4 Re8 14. Rc1 Na5 15. Bc2 c5 16. dxc5 dxc5 17. e5 Nxe5 18. Nxe5 Rxe5 19. Qg4 Rxe3 20. Rxe3 Qxd2 21. Rce1 g6 22. Qf4 Kg7 23. R1e2 Qc1+ 24. Kh2 Nc4 25. Rf3 Qxf4+ 26. Rxf4 Be5 0-1

[Event "1.Open A Del Santo A"]
[Site "Padova"]
[Date "2014.02.15"]
[Round "3.4"]
[White "Del Monaco, Andrea"]
[Black "Sbarra, Marco"]
[Result "1/2-1/2"]
[WhiteElo "2297"]
[BlackElo "2261"]
[Annotator "Gabriele Ballarin"]
[PlyCount "82"]
[EventDate "2014.02.14"]
[EventType "swiss"]
[EventRounds "5"]
[EventCountry "ITA"]

1. d4 Nf6 2. Nf3 d5 3. c4 e6 4. Nc3 Bb4 5. cxd5 exd5 6. Bg5 Nbd7 7. e3 c5 8. Bb5 Qa5 9. O-O Bxc3 10. Bxd7+ Nxd7 11. bxc3 O-O 12. a4 Re8 13. Qb3 Nb6 14. Rfb1 Bg4 15. dxc5 Bxf3 16. cxb6 Be4 17. Qb4 axb6 18. Qxa5 Rxa5 19. Rb5 Rc8 20. f3 Bd3 21. Rb4 f6 22. Bh4 Bc2 23. Be1 Rc6 24. Kf2 Bd3 25. Rd1 Bc4 26. Rd4 Rac5 27. h4 Kf7 28. Kg3 h5 29. Kf4 Kg6 30. g4 hxg4 31. fxg4 Be2 32. h5+ Kh6 33. Rb2 Bf1 34. Kf3 Re6 35. Bd2 Kh7 36. Rbb4 b5 37. Kf2 Bc4 38. axb5 Bxb5 39. e4 dxe4 40. Rxe4 Rxe4 41. Rxe4 Rc4 1/2-1/2

[Event "1.Open A Del Santo A"]
[Site "Padova"]
[Date "2014.02.15"]
[Round "3.5"]
[White "Patelli, Alessandro"]
[Black "Barp, Alberto"]
[Result "1-0"]
[WhiteElo "2216"]
[BlackElo "2005"]
[Annotator "Gabriele Ballarin"]
[PlyCount "75"]
[EventDate "2014.02.14"]
[EventType "swiss"]
[EventRounds "5"]
[EventCountry "ITA"]

1. d4 d5 2. c4 c6 3. Nf3 Nf6 4. Nc3 a6 5. c5 g6 6. Bf4 Bg7 7. h3 O-O 8. e3 Bf5 9. Bd3 Bxd3 10. Qxd3 Re8 11. O-O Nbd7 12. b4 Nh5 13. Bh2 e5 14. Nxe5 Nxe5 15. Bxe5 Bxe5 16. dxe5 Rxe5 17. Ne2 Ng7 18. a4 Qh4 19. Nd4 Nf5 20. Nf3 Qe4 21. Nxe5 Qxe5 22. Rab1 Nh4 23. g3 Nf5 24. Kg2 Re8 25. Rfe1 h5 26. Rbd1 h4 27. g4 Ng3 28. Qd4 Qc7 29. Qf4 Qxf4 30. exf4 Rxe1 31. Rxe1 Ne4 32. f3 Nc3 33. Re7 d4 34. Kf1 Nd5 35. Rxb7 d3 36. Ke1 Nxf4 37. b5 axb5 38. a5 1-0

[Event "1.Open A Del Santo A"]
[Site "Padova"]
[Date "2014.02.15"]
[Round "3.6"]
[White "Santolini, Luigi"]
[Black "Balzan, Alessandro"]
[Result "1/2-1/2"]
[WhiteElo "2123"]
[BlackElo "1707"]
[Annotator "Gabriele Ballarin"]
[PlyCount "91"]
[EventDate "2014.02.14"]
[EventType "swiss"]
[EventRounds "5"]
[EventCountry "ITA"]

1. d4 d5 2. c4 c6 3. Nc3 e6 4. Nf3 Nf6 5. Bg5 Be7 6. cxd5 exd5 7. e3 O-O 8. Bd3 Nbd7 9. O-O b5 10. Qc2 Bb7 11. Rac1 h6 12. Bh4 a5 13. Rfe1 Nb6 14. Ne5 Ne8 15. Bxe7 Qxe7 16. e4 Qb4 17. exd5 cxd5 18. Nxb5 Rc8 19. Qe2 Nf6 20. a3 Qe7 21. Qd2 Ne4 22. Qxa5 Rxc1 23. Rxc1 Qf6 24. Qe1 Rc8 25. Rxc8+ Nxc8 26. f3 Ned6 27. Nxd6 Nxd6 28. Ng4 Qxd4+ 29. Qe3 Qxb2 30. h4 h5 31. Nf2 Qf6 32. Qg5 Qxg5 33. hxg5 g6 34. Nd1 Nc4 35. Bxc4 dxc4 36. Kf2 Kf8 37. Ke3 Ke7 38. Kd4 Ke6 39. Ne3 Ba6 40. a4 c3 41. f4 h4 42. Kxc3 Bb7 43. Kd2 Bxg2 44. Ke2 Bc6 45. Kf2 Bxa4 46. Kg2 1/2-1/2

[Event "1.Open A Del Santo A"]
[Site "Padova"]
[Date "2014.02.15"]
[Round "3.7"]
[White "De Napoli, Giuseppe"]
[Black "Lodici, Lorenzo"]
[Result "0-1"]
[WhiteElo "2003"]
[BlackElo "2122"]
[Annotator "Gabriele Ballarin"]
[PlyCount "80"]
[EventDate "2014.02.14"]
[EventType "swiss"]
[EventRounds "5"]
[EventCountry "ITA"]

1. d4 f5 2. Bf4 Nf6 3. e3 d6 4. Nf3 h6 5. h3 g5 6. Bh2 Bg7 7. c4 O-O 8. Nc3 c6 9. Bd3 Na6 10. a3 Qe8 11. Qc2 Nh5 12. g4 fxg4 13. Bh7+ Kh8 14. Bg6 Qd7 15. Nxg5 Nf6 16. Bf4 e5 17. dxe5 dxe5 18. Bxe5 Qe7 19. Bf4 Ng8 20. O-O-O hxg5 21. hxg4+ Nh6 22. Bd6 Qf6 23. Bxf8 Qxf8 24. Qe4 Nc5 25. Rxh6+ Bxh6 26. Qe5+ Kg8 27. Rd6 Nb3+ 28. Kc2 Bg7 29. Qh2 Qe7 30. Bh7+ Kf8 31. Kxb3 Bxg4 32. Rd2 Rd8 33. Rxd8+ Qxd8 34. Qg3 Bd1+ 35. Nxd1 Qxd1+ 36. Bc2 Qc1 37. Qf3+ Kg8 38. Qe4 Qxb2+ 39. Ka4 b5+ 40. cxb5 Qxb5# 0-1

[Event "1.Open A Del Santo A"]
[Site "Padova"]
[Date "2014.02.15"]
[Round "3.8"]
[White "Altieri, Danilo Mario"]
[Black "Innocenti, Giovanni"]
[Result "0-1"]
[WhiteElo "1978"]
[BlackElo "2083"]
[Annotator "Gabriele Ballarin"]
[PlyCount "94"]
[EventDate "2014.02.14"]
[EventType "swiss"]
[EventRounds "5"]
[EventCountry "ITA"]

1. c4 c6 2. Nc3 d5 3. cxd5 cxd5 4. d4 Nf6 5. Nf3 Nc6 6. e3 a6 7. a3 Bg4 8. Be2 e6 9. O-O Bd6 10. h3 Bh5 11. b4 O-O 12. Bb2 Qe7 13. Rc1 Rac8 14. Nd2 Bxe2 15. Qxe2 Rfe8 16. f4 a5 17. b5 Nb8 18. a4 Nbd7 19. Qd1 Nb6 20. Qb3 Rc7 21. Na2 Rec8 22. Rxc7 Rxc7 23. Rc1 Rxc1+ 24. Nxc1 Bb4 25. Nf3 Ne4 26. Nd3 Nc4 27. Bc1 f6 28. Nf2 Nc3 29. Kf1 Nb6 30. Nd1 Nbxa4 31. Nxc3 Nxc3 32. Bd2 Nxb5 33. f5 Na3 34. fxe6 Nc4 35. Bxb4 axb4 36. e4 Qxe6 37. exd5 Ne3+ 38. Kf2 Nxd5 39. Qc4 Kf8 40. Qc5+ Kf7 41. Qb5 Qc6 42. Qd3 g6 43. Qe4 b3 44. g4 Qc2+ 45. Qe2 Qxe2+ 46. Kxe2 b2 47. Nd2 Nc3+ 0-1

[Event "1.Open A Del Santo A"]
[Site "Padova"]
[Date "2014.02.15"]
[Round "3.9"]
[White "Zanchetta, Nicola"]
[Black "Simonetto, Adriano"]
[Result "1/2-1/2"]
[WhiteElo "1908"]
[BlackElo "2055"]
[Annotator "Gabriele Ballarin"]
[PlyCount "52"]
[EventDate "2014.02.14"]
[EventType "swiss"]
[EventRounds "5"]
[EventCountry "ITA"]

1. e4 e5 2. Nf3 Nc6 3. Bb5 Nf6 4. d3 Bc5 5. O-O d6 6. c3 Bg4 7. a4 a6 8. Bxc6+ bxc6 9. h3 Bh5 10. Re1 O-O 11. b4 Ba7 12. Bg5 Qe7 13. g4 Bg6 14. Nh4 h6 15. Bxf6 Qxf6 16. Nf5 Rfe8 17. Kg2 d5 18. Qf3 Bxf5 19. Qxf5 Qxf5 20. exf5 f6 21. Nd2 c5 22. b5 axb5 23. axb5 Bb6 24. Rec1 Red8 25. Kf3 Kf7 26. Ke2 Ke7 1/2-1/2

[Event "1.Open A Del Santo A"]
[Site "Padova"]
[Date "2014.02.15"]
[Round "3.11"]
[White "Franco, Alessandro P"]
[Black "Viaggi, Stefano"]
[Result "0-1"]
[WhiteElo "1889"]
[BlackElo "2062"]
[Annotator "Gabriele Ballarin"]
[PlyCount "62"]
[EventDate "2014.02.14"]
[EventType "swiss"]
[EventRounds "5"]
[EventCountry "ITA"]

1. e4 c5 2. Nf3 Nc6 3. c3 d5 4. exd5 Qxd5 5. d4 e5 6. dxe5 Qxd1+ 7. Kxd1 Bg4 8. Bf4 O-O-O+ 9. Nbd2 f6 10. Kc2 g5 11. Bg3 Bf5+ 12. Kc1 h5 13. h3 Bh6 14. Bc4 g4 15. hxg4 hxg4 16. Rxh6 Rxh6 17. Nh4 Bh7 18. Be6+ Kb8 19. Bxg4 f5 20. Bf3 f4 21. Bxf4 Rxh4 22. g3 Rxf4 23. gxf4 Nge7 24. Ne4 Bxe4 25. Bxe4 Rf8 26. Kd2 Rxf4 27. Ke3 Rh4 28. f4 Rh3+ 29. Bf3 Nf5+ 30. Ke4 Nce7 31. Rh1 Ng3+ 0-1

[Event "1.Open A Del Santo A"]
[Site "Padova"]
[Date "2014.02.15"]
[Round "4.1"]
[White "Zamengo, Fulvio"]
[Black "Collutiis, Duilio"]
[Result "0-1"]
[WhiteElo "2149"]
[BlackElo "2474"]
[Annotator "Gabriele Ballarin"]
[PlyCount "88"]
[EventDate "2014.02.14"]
[EventType "swiss"]
[EventRounds "5"]
[EventCountry "ITA"]

1. e4 e5 2. Nf3 Nc6 3. Bb5 a6 4. Ba4 d6 5. O-O Bd7 6. c3 Nf6 7. Re1 g6 8. d4 b5 9. Bb3 Bg7 10. dxe5 Nxe5 11. Nxe5 dxe5 12. Be3 Qe7 13. c4 b4 14. Ba4 O-O 15. Bxd7 Rfd8 16. Nd2 Qxd7 17. Bg5 Qc6 18. Qe2 Rd7 19. Nf3 Nh5 20. Rad1 Nf4 21. Bxf4 exf4 22. Rxd7 Qxd7 23. e5 Re8 24. Qe4 Qa4 25. Qxf4 Qxa2 26. Ng5 Rf8 27. Ne4 Qxb2 28. Nf6+ Bxf6 29. exf6 Qc3 30. Rc1 Re8 31. h4 Qe5 32. Qd2 a5 33. Qd7 Rb8 34. Rd1 Qxf6 35. Qxc7 Ra8 36. c5 Kg7 37. c6 Qe6 38. Rc1 b3 39. Qb7 Rc8 40. Qb5 Kg8 41. Qxa5 b2 42. Rb1 Qxc6 43. Kh2 Qe4 44. Re1 b1=Q 0-1

[Event "1.Open A Del Santo A"]
[Site "Padova"]
[Date "2014.02.15"]
[Round "4.2"]
[White "Solomon, Kenny"]
[Black "Xia, Jie"]
[Result "1/2-1/2"]
[WhiteElo "2215"]
[BlackElo "2274"]
[Annotator "Gabriele Ballarin"]
[PlyCount "137"]
[EventDate "2014.02.14"]
[EventType "swiss"]
[EventRounds "5"]
[EventCountry "ITA"]

1. d4 Nf6 2. Nf3 d6 3. c4 Bg4 4. Nc3 Bxf3 5. exf3 g6 6. Be2 Bg7 7. O-O c6 8. d5 O-O 9. Bg5 Nbd7 10. Re1 Re8 11. Rc1 Rc8 12. Bf1 Qa5 13. Bd2 cxd5 14. Nxd5 Qd8 15. Ne3 e6 16. Bc3 Qc7 17. Qd2 Red8 18. Red1 Ne5 19. b3 h5 20. Qb2 Ne8 21. f4 Ng4 22. Nxg4 hxg4 23. Qe2 Bxc3 24. Rxc3 Nf6 25. Rcd3 Qc5 26. Rd4 Kg7 27. Qe3 Rc6 28. g3 a6 29. Bg2 Rc7 30. Qd2 Rcd7 31. Qb2 b5 32. cxb5 axb5 33. b4 Qb6 34. Rc1 Rc7 35. Rcd1 d5 36. R4d2 Rdc8 37. Qe5 Rc2 38. h3 Rxd2 39. Rxd2 gxh3 40. Bxh3 Rc1+ 41. Kh2 Rc4 42. Bg2 Qd8 43. g4 Qc7 44. Qxc7 Rxc7 45. g5 Ne8 46. Bf1 Nd6 47. Bd3 Ra7 48. Kg2 Ra4 49. Rb2 Ra3 50. Rd2 Kf8 51. Kf1 Ke7 52. Ke2 Kd7 53. Rc2 Ra4 54. Rb2 Kc6 55. Bc2 Ra8 56. Bb3 Nc4 57. Rc2 Kd6 58. Rc1 Re8 59. Kd3 e5 60. Re1 Re7 61. fxe5+ Nxe5+ 62. Kc2 Rc7+ 63. Kb1 Rc3 64. f4 Nd3 65. Rd1 Nxb4 66. f5 Ke5 67. fxg6 fxg6 68. Kb2 Kf5 69. a3 {Nur} 1/2-1/2

[Event "1.Open A Del Santo A"]
[Site "Padova"]
[Date "2014.02.15"]
[Round "4.3"]
[White "Lodici, Lorenzo"]
[Black "Del Monaco, Andrea"]
[Result "0-1"]
[WhiteElo "2122"]
[BlackElo "2297"]
[Annotator "Gabriele Ballarin"]
[PlyCount "72"]
[EventDate "2014.02.14"]
[EventType "swiss"]
[EventRounds "5"]
[EventCountry "ITA"]

1. d4 Nf6 2. c4 e6 3. Nc3 Bb4 4. a3 Bxc3+ 5. bxc3 Ne4 6. e3 f5 7. Qc2 O-O 8. Bd3 Nc6 9. Ne2 b6 10. O-O Ba6 11. Bxe4 fxe4 12. Qxe4 Bxc4 13. Qc2 Qg5 14. Rd1 Na5 15. Rb1 Bxe2 16. Qxe2 d5 17. f3 Nc4 18. e4 Qg6 19. Ra1 c6 20. Be3 Nd6 21. e5 Nc4 22. a4 a5 23. Bc1 b5 24. Ba3 Rfb8 25. axb5 Rxb5 26. Qd3 Rb3 27. Qxg6 hxg6 28. Bc5 a4 29. Rd3 Rab8 30. Bb4 Rb1+ 31. Rxb1 Nxe5 32. Ra1 Nxd3 33. Rxa4 e5 34. Kf1 exd4 35. Bd6 Re8 36. Rxd4 Re1# 0-1

[Event "1.Open A Del Santo A"]
[Site "Padova"]
[Date "2014.02.15"]
[Round "4.4"]
[White "Innocenti, Giovanni"]
[Black "Brun, Dario"]
[Result "0-1"]
[WhiteElo "2083"]
[BlackElo "2262"]
[Annotator "Gabriele Ballarin"]
[PlyCount "128"]
[EventDate "2014.02.14"]
[EventType "swiss"]
[EventRounds "5"]
[EventCountry "ITA"]

1. e4 e6 2. d4 d5 3. Nd2 c5 4. exd5 Qxd5 5. Ngf3 cxd4 6. Bc4 Qd6 7. O-O Nf6 8. Nb3 Nc6 9. Nbxd4 Nxd4 10. Nxd4 a6 11. c3 Qc7 12. Qe2 Bd6 13. h3 O-O 14. Bg5 Ne4 15. Bh4 Nc5 16. b4 Nd7 17. Bxe6 fxe6 18. Nxe6 Qxc3 19. Nxf8 Nxf8 20. Rac1 Qxb4 21. Rc4 Qb5 22. a4 Qb6 23. Be7 Be6 24. Bxd6 Qxd6 25. Re4 Bd5 26. Rg4 Qe6 27. Qb2 Ng6 28. Rc1 Rf8 29. Rc7 Rf7 30. Rxf7 Qxf7 31. a5 Bc6 32. Rd4 h6 33. Qd2 Qf5 34. Rd8+ Kh7 35. Qa2 Ne7 36. Rd4 Nd5 37. Rg4 Nc3 38. Qa1 Qb1+ 39. Qxb1+ Nxb1 40. Rb4 Nc3 41. f4 Nd5 42. Rd4 Kg6 43. g4 Kf6 44. Kf2 g5 45. fxg5+ hxg5 46. Kg3 Nc3 47. Rd6+ Ke5 48. Rg6 Ne4+ 49. Kf3 Kd4 50. Rh6 Nc5+ 51. Ke2 Kc4 52. Rg6 Bg2 53. Rxg5 Bxh3 54. Rg7 Bg2 55. g5 Nb3 56. g6 Bd5 57. Rc7+ Kb4 58. g7 Nxa5 59. Rc8 Nc6 60. g8=Q Bxg8 61. Rxg8 b5 62. Kd2 Ne5 63. Rg3 a5 64. Rg5 Nf3+ 0-1

[Event "1.Open A Del Santo A"]
[Site "Padova"]
[Date "2014.02.15"]
[Round "4.5"]
[White "Balzan, Alessandro"]
[Black "Patelli, Alessandro"]
[Result "0-1"]
[WhiteElo "1707"]
[BlackElo "2216"]
[Annotator "Gabriele Ballarin"]
[PlyCount "112"]
[EventDate "2014.02.14"]
[EventType "swiss"]
[EventRounds "5"]
[EventCountry "ITA"]

1. c4 e5 2. g3 Nc6 3. Nc3 g6 4. Bg2 Bg7 5. e4 d6 6. Nge2 Nge7 7. d3 O-O 8. O-O Be6 9. Nd5 Qd7 10. Bh6 f6 11. Bxg7 Kxg7 12. Rb1 Nd8 13. Qd2 Nc8 14. f4 c6 15. Ne3 Ne7 16. b3 Nf7 17. d4 Bh3 18. d5 Bxg2 19. Kxg2 Rac8 20. Rbc1 {=} c5 21. fxe5 dxe5 22. Rcd1 Nd6 23. Nc3 f5 24. exf5 gxf5 25. h3 Ng6 26. Ne2 h5 27. Kh2 f4 28. gxf4 exf4 29. Ng2 f3 30. Qc3+ Kh6 31. Rxf3 Rxf3 32. Qxf3 Rf8 33. Qe3+ Kh7 34. Nef4 Nxf4 35. Nxf4 Qf5 36. Qe7+ Rf7 37. Qxd6 Qc2+ 38. Ng2 Qxd1 39. Qe6 Qf3 40. Qe3 Qxe3 41. Nxe3 Kg6 42. Kg3 Re7 43. Kf4 Kf6 44. h4 Rg7 45. Ke4 Rg1 46. d6 Ke6 47. d7 Kxd7 48. Kd5 b6 49. Ke5 Ra1 50. Nd5 Rxa2 51. Nf6+ Kc6 52. Nxh5 Rh2 53. Ke4 Rxh4+ 54. Nf4 b5 55. cxb5+ Kxb5 56. Ke3 Rxf4 0-1